000 00621nam a2200277Ia 4500
005 20260324130947.0
008 008 260324s9999 xx 000 0 eng d
020 _a9781003578024
037 _aEBOOK
040 _aCRL
040 _beng
040 _cCRL
041 _2eng
041 _aeng
084 _qCRL
100 _aGraham Greene
_9498814
245 0 _aTravels with My Aunt
260 _bTaylor and Francis
260 _c2007
365 _a
365 _b135
856 _uhttp://www.taylorfrancis.com/books/9781003578024
942 _cEBOOK
999 _c1780430
_d1780430